000 00539nam a22002177a 4500
003 UA-OsUOA
001 38491
007 ta
008 20060511b un ||||| |||| 00| 0 ukr d
100 _aЦимбалюк Євген
090 _a32
_bЦ11
942 _cSA
040 _aUA-OsUOA
_bukr
_cUA-OsUOA
_dUA-OsUOA
245 _aОдна зі ста кращих
300 _a11 с.
955 _a0
041 _aukr
080 _a32
773 0 _w38489
_tВільне слово
_dРівне
_d2006
_g38
650 7 _a32 Політика
_2UDC
999 _c324649
_d324649